<?xml version="1.0" encoding="UTF-8"?>
<record
    xmlns:xsi="http://www.w3.org/2001/XMLSchema-instance"
    xsi:schemaLocation="http://www.loc.gov/MARC21/slim http://www.loc.gov/standards/marcxml/schema/MARC21slim.xsd"
    xmlns="http://www.loc.gov/MARC21/slim">

  <leader>01115nam a22002057a 4500</leader>
  <controlfield tag="008">050714s2005    cau144 e          vleng d</controlfield>
  <datafield tag="082" ind1="0" ind2="4">
    <subfield code="a">791.43</subfield>
    <subfield code="b">KIN</subfield>
    <subfield code="2">22</subfield>
  </datafield>
  <datafield tag="245" ind1="0" ind2="0">
    <subfield code="a">Kingdom of heaven</subfield>
    <subfield code="h">[videorecording] /</subfield>
    <subfield code="c">Twentieth Century Fox presents a Scott Free production ; produced and directed by Ridley Scott ; written by William Monahan.</subfield>
  </datafield>
  <datafield tag="260" ind1=" " ind2=" ">
    <subfield code="a">Beverly Hills :</subfield>
    <subfield code="b">20th Century Fox Home Entertainment,</subfield>
    <subfield code="c">2005.</subfield>
  </datafield>
  <datafield tag="300" ind1=" " ind2=" ">
    <subfield code="a">1 videodisc (144 min.) :</subfield>
    <subfield code="b">sd., col. ;</subfield>
    <subfield code="c">4 3/4 in.</subfield>
  </datafield>
  <datafield tag="500" ind1=" " ind2=" ">
    <subfield code="a">Special features: Combo trailer; inside look: Tristan &amp; Isolde; the pilgrim's guide; interactive production grid; 
A&amp;E movie real: "Kindgom of Heaven"; the History Channel's
"History vs. Hollywood", "Kingdom of Heaven"; behind-the-
scenes featurettes; Orlando Bloom "The adventure of a 
lifetime"; trailers.</subfield>
  </datafield>
  <datafield tag="650" ind1=" " ind2=" ">
    <subfield code="a">French -</subfield>
    <subfield code="z">Jerusalem -</subfield>
    <subfield code="v">Drama.</subfield>
    <subfield code="9">33667</subfield>
  </datafield>
  <datafield tag="650" ind1=" " ind2=" ">
    <subfield code="a">Knights and knighthood -</subfield>
    <subfield code="v">Drama.</subfield>
    <subfield code="9">33668</subfield>
  </datafield>
  <datafield tag="700" ind1=" " ind2=" ">
    <subfield code="a">Scott, Ridley.</subfield>
    <subfield code="9">33670</subfield>
  </datafield>
  <datafield tag="700" ind1=" " ind2=" ">
    <subfield code="a"> Monahan, William.</subfield>
    <subfield code="9">33675</subfield>
  </datafield>
  <datafield tag="700" ind1=" " ind2=" ">
    <subfield code="a">Bloom, Orlando.</subfield>
    <subfield code="9">33676</subfield>
  </datafield>
  <datafield tag="700" ind1=" " ind2=" ">
    <subfield code="a">Green, Eva.</subfield>
    <subfield code="9">33677</subfield>
  </datafield>
  <datafield tag="700" ind1=" " ind2=" ">
    <subfield code="a">Neeson, Liam.</subfield>
    <subfield code="9">33678</subfield>
  </datafield>
  <datafield tag="942" ind1=" " ind2=" ">
    <subfield code="2">ddc</subfield>
    <subfield code="c">DVD</subfield>
  </datafield>
  <datafield tag="999" ind1=" " ind2=" ">
    <subfield code="c">17535</subfield>
    <subfield code="d">17507</subfield>
  </datafield>
  <datafield tag="952" ind1=" " ind2=" ">
    <subfield code="0">0</subfield>
    <subfield code="1">0</subfield>
    <subfield code="2">ddc</subfield>
    <subfield code="4">0</subfield>
    <subfield code="7">0</subfield>
    <subfield code="8">Baccah</subfield>
    <subfield code="a">MAIN</subfield>
    <subfield code="b">MAIN</subfield>
    <subfield code="c">2ND</subfield>
    <subfield code="d">2013-09-18</subfield>
    <subfield code="e">Purchase</subfield>
    <subfield code="g">159.00</subfield>
    <subfield code="h">18080</subfield>
    <subfield code="l">1</subfield>
    <subfield code="o">791.43 KIN</subfield>
    <subfield code="p">000028876</subfield>
    <subfield code="r">2022-08-24 00:00:00</subfield>
    <subfield code="s">2016-08-16</subfield>
    <subfield code="v">198.75</subfield>
    <subfield code="y">CDVDMOV</subfield>
  </datafield>
</record>
